000 00560nam a2200229Ia 4500
003 OSt
005 20221006141343.0
006 a|||||r|||| 00| 0
007 ta
008 221006b |||||||| |||| 00| 0 eng d
024 _a1,926
037 _cTextual
040 _aEASL
_cEASL
_beng
041 _2eng
_aeng
082 _aV41:194995.n8, M5
100 _aWANG Yu San
_9645417
245 0 _aChina question
260 _c1985
300 _ap.
_ccm.
942 _hV41:194995.n8, M5
_cTEXL
_2CC
999 _c1070012
_d1070012